Los Reyes Católicos y Granada / (Record no. 135594)

MARC details
000 -LEADER
campo de control de longitud fija 00708nam a2200205 i 4500
001 - NÚMERO DE CONTROL
campo de control 135594
003 - IDENTIFICADOR DE NÚMERO DE CONTROL
campo de control ES-MaACL
005 - FECHA Y HORA DE LA ÚLTIMA TRANSACCIÓN
campo de control 20250828000910.0
007 - CAMPO FIJO DE DESCRIPCIÓN FÍSICA--INFORMACIÓN GENERAL
campo de control de longitud fija t|
008 - DATOS DE LONGITUD FIJA--INFORMACIÓN GENERAL
campo de control de longitud fija 070720s1946 sp ||||1| spa d
080 ## - NÚMERO DE LA CLASIFICACIÓN DECIMAL UNIVERSAL
Número de la Clasificación Decimal Universal 946"1474/1517"
100 1# - ENTRADA PRINCIPAL--NOMBRE DE PERSONA
Nombre de persona Torre y del Cerro, Antonio de la.
9 (RLIN) 110794
245 14 - MENCIÓN DEL TÍTULO
Título Los Reyes Católicos y Granada /
Mención de responsabilidad, etc. Antonio de la Torre y del Cerro.
260 ## - PUBLICACIÓN, DISTRIBUCIÓN, ETC.
Lugar de publicación, distribución, etc. Madrid :
Nombre del editor, distribuidor, etc. Consejo Superior de Investigaciones Cientificas. Instituto Jerónimo Zurita.
300 ## - DESCRIPCIÓN FÍSICA
Extensión 230 p. :
Otras características físicas il. ;
Dimensiones 23 cm.
651 ## - PUNTO DE ACCESO ADICIONAL DE MATERIA--NOMBRE GEOGRÁFICO
Nombre geográfico España-
Subdivisión general Historia-
Subdivisión cronológica 1474-1516, Reyes Católicos.
9 (RLIN) 8222
710 2# - ENTRADA AGREGADA--NOMBRE DE ENTIDAD CORPORATIVA
Nombre de entidad corporativa o nombre de jurisdicción como elemento de entrada Instituto Jerónimo Zurita
9 (RLIN) 5106
852 ## - LOCALIZACIÓN
Ubicación ES-MaACL
Número de control de estantería C-3897
Sublocalización o colección R.23496
Holdings
Estatus retirado Estado de pérdida Estado de daño No para préstamo Biblioteca de origen Biblioteca actual Ubicación en estantería Fecha de adquisición Fuente de adquisición Total de préstamos Signatura topográfica completa Código de barras Visto por última vez Precio de reemplazo Tipo de ítem Koha
        Biblioteca del Ateneo de Madrid Biblioteca del Ateneo de Madrid Sala Palomar 17/01/2008     C-3897 1141121 23/02/2023 23/02/2023 Libro impreso